Propuestas para los censos nacionales de 1983

সংরক্ষণ করুন:
গ্রন্থ-পঞ্জীর বিবরন
সংস্থা লেখক: Costa Rica. Oficina de Planificación Nacional y Política Económica
বিন্যাস: পাঠ‍্য
প্রকাশিত: San José :
ট্যাগগুলো: ট্যাগ যুক্ত করুন
কোনো ট্যাগ নেই, প্রথমজন হিসাবে ট্যাগ করুন!

MARC

LEADER 00000 a a2200000 04500
001 15118
003
040
090 |a EXTRAVIADO  
110 |a Costa Rica. Oficina de Planificación Nacional y Política Económica  
245 |a Propuestas para los censos nacionales de 1983  
260 |a San José :  
300 |a 2 p.  
999 |c 11715  |d 11715